Động đất

Sách giới thiệu cho độc giả một số khái niệm về động đất, đánh giá độ nguy hiểm củ động đất, độ rủi ro động đất và dự báo động đất...

Na minha lista:
Detalhes bibliográficos
Autor principal: Cao, Đình Triều
Formato: Livro
Idioma:Undetermined
Publicado em: Hà Nội Khoa học và Kỹ thuật 2000
Assuntos:
Tags: Adicionar Tag
Sem tags, seja o primeiro a adicionar uma tag!
Thư viện lưu trữ: Trung tâm Học liệu Trường Đại học Cần Thơ
LEADER 00744nam a2200193Ia 4500
001 CTU_148863
008 210402s9999 xx 000 0 und d
082 |a 551.2 
082 |b Tr309 
100 |a Cao, Đình Triều 
245 0 |a Động đất 
245 0 |c Cao Đình Triều 
260 |a Hà Nội 
260 |b Khoa học và Kỹ thuật 
260 |c 2000 
520 |a Sách giới thiệu cho độc giả một số khái niệm về động đất, đánh giá độ nguy hiểm củ động đất, độ rủi ro động đất và dự báo động đất... 
650 |a Earthquakes 
904 |i Giang 
980 |a Trung tâm Học liệu Trường Đại học Cần Thơ